| 000 -LEADER |
| fixed length control field |
00838nam a22002057a 4500 |
| 008 - FIXED-LENGTH DATA ELEMENTS--GENERAL INFORMATION |
| fixed length control field |
131028b xxu||||| |||| 00| 0 alb d |
| 041 0# - LANGUAGE CODE |
| Language code of text/sound track or separate title |
alb |
| 080 ## - UNIVERSAL DECIMAL CLASSIFICATION NUMBER |
| Universal Decimal Classification number |
323.1 |
| Common auxiliary subdivision |
(496.51)(081) |
| 245 00 - TITLE STATEMENT |
| Title |
Presidenti Sejdiu : |
| Statement of responsibility, etc |
[përgatitën librin Xhavit Beqiri, Safet Zejnullahu]. |
| 260 ## - |
| -- |
Prishtinë : |
| -- |
Departamenti për Informim dhe Komunikim me Publikun i Zyrës së Presidentit ; |
| -- |
2009. |
| 300 ## - |
| -- |
390 f. : |
| -- |
me il ; |
| -- |
25 cm. |
| 600 14 - |
| -- |
Fatmir Sejdiu |
| -- |
President |
| -- |
1951- |
| -- |
Intervista |
| -- |
Letërkëmbimi |
| -- |
2006-2009 |
| 650 #0 - |
| -- |
Presidentët |
| -- |
Kosovë |
| 650 #0 - |
| -- |
Politika dhe qeverisja |
| -- |
Kosova |
| 650 #0 - |
| -- |
Kosova |
| -- |
Marrëdhëniet me jashtë |
| 700 1# - |
| -- |
Sejdiu, Fatmir |
| -- |
Presidenti |
| -- |
1951 |
| 700 1# - |
| -- |
Beqiri, Xhavit |
| 700 1# - |
| -- |
Zejnullahu, Safet |
| 942 ## - ADDED ENTRY ELEMENTS (KOHA) |
| Source of classification or shelving scheme |
|
| Item type |
Books |